000 00446nam a2200181Ia 4500
008 210719s2008 xx 000 0 und d
020 _a978-81-7534-263-7
041 _aeng
082 _a340.1 FITS
100 _aFITZGERALD (P J)
245 _aSalmond on jurisprudence Ed 12
260 _aDelhi
_c2008
300 _axxi,481
_bPB
365 _b325
_cRs
650 _aLaw
650 _aLaw
906 _a12 ; Ed ; jurisprudence ; on ; Salmond
999 _c215950
_d215950